Pengenalan pengaturcaraan komputer melalui Pascal

Bibliographic Details
Main Author: Ang Beng Tung
Other Authors: Ng Boon Yian
Format: Book
Published: Petaling Jaya : Pustaka Utama Pelajaran , 1993
Subjects:

MARC

LEADER 00000cam a2200000 7i4500
001 0000003106
002 000003359
005 20000330.0
020 |a 967760404X 
090 0 0 |a 005.1   |b ANG 
100 0 |a Ang Beng Tung 
245 1 0 |a Pengenalan pengaturcaraan komputer melalui Pascal   |c And Beng Tung dan Ng Boon Yian 
260 |a Petaling Jaya :   |b Pustaka Utama Pelajaran ,   |c 1993 
300 |a 234 p. :   |b ill ;   |c 25 cm. 
650 0 0 |a Computer programming 
700 0 |a Ng Boon Yian 
999 |a 036668   |b BUKU   |c PINJAMAN   |e PERPUSTAKAAN KOMUNITI PETALING JAYA